[Event "US Open-113"]
[Site "Vancouver"]
[Date "2012.08.05"]
[Round "2"]
[White "Morris, Michael A"]
[Black "McAleer, James"]
[Result "0-1"]
[WhiteElo "2044"]
[BlackElo "1779"]
[PlyCount "64"]
[EventDate "2012.08.04"]
[EventType "swiss"]
[EventRounds "9"]
[EventCountry "USA"]
[SourceTitle "CBM 149 Extra"]
[Source "ChessBase"]
[SourceDate "2012.08.24"]
[SourceVersion "1"]
[SourceVersionDate "2012.08.24"]
[SourceQuality "1"]

1. c4 Nf6 2. g3 g6 3. Bg2 Bg7 4. Nf3 0-0 5. Nc3 d6 6. 0-0 e5 7. d3 Nc6 8. Rb1 h6 9. b4 a6 10. a4 Be6 11. Nd2 Rb8 12. b5 axb5 13. axb5 Ne7 14. h3 Qd7 15. Kh2 Nh5 16. Ra1 f5 17. Bb2 Nf6 18. Qc2 g5 19. Ra7 f4 20. Rxb7 Rxb7 21. Bxb7 Bxh3 22. Bg2 Ng4+ 23. Kg1 Bxg2 24. Kxg2 fxg3 25. Nd1 gxf2 26. Ne4 Nf5 27. Bc1 Qf7 28. Nexf2 Qh5 29. Rh1 Nh4+ 30. Kg1 e4 31. Nxe4 Qf7 32. Ng3 Be5 0-1